书目信息 |
| 题名: |
有了博士学位还不够
|
|
| 作者: | 费贝尔曼 著 ;钱佑华 译 | |
| 分册: | ||
| 出版信息: | 上海 复旦大学出版社 2006.08 |
|
| 页数: | 108页 | |
| 开本: | 19cm | |
| 丛书名: | ||
| 单 册: | ||
| 中图分类: | G304 | |
| 科图分类: | ||
| 主题词: | 科学研究--ke xue yan jiu--研究方法 | |
| 电子资源: | ||
| ISBN: | 7-309-05084-3 | |
| 000 | 01054nam0 2200253 450 | |
| 001 | 012007979375 | |
| 005 | 20071010153952.18 | |
| 010 | @a7-309-05084-3@dCNY10.00 | |
| 100 | @a20070813d2006 km y0chiy0120 ea | |
| 101 | 1 | @achi@ceng |
| 102 | @aCN@b310000 | |
| 105 | @ay z 000yy | |
| 200 | 1 | @a有了博士学位还不够@Ayou le bo shi xue wei hai bu gou@d= A Ph. D. is not enough!@e科海沉浮指南@f(美) P·J. 费贝尔曼著@F(mei)P·J.fei bei er man zhu@g钱佑华译@Gqian you hua yi@zeng |
| 210 | @a上海@c复旦大学出版社@d2006.08 | |
| 215 | @a108页@d19cm | |
| 330 | @a本书是一本有关科学生存技巧的书籍,它讲解了你达到一个完善的长期研究生涯之前所要面对的事情,如:选择论文或博士后导师;在科研实验室、政府实验室和工业研究所之间选择研究职位等。 | |
| 500 | 10 | @aPh. D. is not enough!@mChinese |
| 517 | 1 | @a科海沉浮指南@Ake hai chen fu zhi nan |
| 606 | 0 | @a科学研究@Ake xue yan jiu@x研究方法 |
| 690 | @aG304@v4 | |
| 701 | 1 | @a费贝尔曼@Afei bei er man@g(Feibelman, Peter J.)@4著 |
| 702 | 0 | @a钱佑华@Aqian you hua@4译 |
| 801 | 0 | @aCN@c20071010 |
| 905 | @dG304@eF340 | |
| 有了博士学位还不够= A Ph. D. is not enough!:科海沉浮指南/(美) P·J. 费贝尔曼著/钱佑华译.-上海:复旦大学出版社,2006.08 |
| 108页;19cm |
| ISBN 7-309-05084-3:CNY10.00 |
| 本书是一本有关科学生存技巧的书籍,它讲解了你达到一个完善的长期研究生涯之前所要面对的事情,如:选择论文或博士后导师;在科研实验室、政府实验室和工业研究所之间选择研究职位等。 |
| ● |
| 相关链接 |
|
|
|
正题名:有了博士学位还不够
索取号:G304/F340
 
预约/预借
| 序号 | 登录号 | 条形码 | 馆藏地/架位号 | 状态 | 备注 |
| 1 | 252424 | 202524241 | 社科库409/409社科库 60排7列1层/ [索取号:G304/F340] | 在馆 | |
| 2 | 252425 | 202524250 | 社科库409/409社科库 60排7列1层/ [索取号:G304/F340] | 在馆 |